[Event "Mondiale Lampo FIDE 2022"]
[Site "Alma Ata"]
[Date "30.12.2022"]
[Round "19.60"]
[White "Vokhidov, Shamsiddin"]
[Black "Petrov, Nikita"]
[Result "1-0"]
[WhiteTitle ""]
[BlackTitle ""]
[WhiteElo "2579"]
[BlackElo "2537"]
[WhiteFideId "14204223"]
[BlackFideId "4101286"]
[EventDate "29.12.2022"]

1. e4 e5 2. Nf3 Nc6 3. Bb5 a6 4. Ba4 Bc5 5. c3 Nge7 6. d4 exd4 7. cxd4 Bb4+ 8.
Bd2 Bxd2+ 9. Qxd2 d5 10. exd5 Qxd5 11. Nc3 Qe6+ 12. Qe3 O-O 13. O-O Qd6 14. Ne4
Qg6 15. Bb3 Nf5 16. Qc3 Nfxd4 17. Nxd4 Qxe4 18. Nxc6 Qxc6 19. Qxc6 bxc6 20. Rfe1
a5 21. Re7 a4 22. Bc4 Ba6 23. Rc1 Bxc4 24. Rxc4 Rab8 25. Re2 Rfd8 26. g3 a3 27.
b3 Rd1+ 28. Kg2 Rb1 29. Ra4 Rb2 30. Kf3 Kf8 31. Rxa3 Rxe2 32. Kxe2 Ke7 33. Ra4
c5 34. Kd3 Kd6 35. Kc4 Re8 36. Ra6+ c6 37. Ra7 Re2 38. Rxf7 Rxa2 39. Rxg7 Rc2+
40. Kd3 Rxf2 41. Rxh7 Rf1 42. Rh6+ Kd5 43. Rh5+ Kd6 44. Rg5 Rb1 45. Kc3 Rc1+ 46.
Kb2 Rg1 47. h4 Rf1 48. h5 Rf3 49. g4 Rh3 50. Kc2 Rh2+ 51. Kc3 Rh3+ 52. Kc4 Rh1
53. Rg6+ Kd7 54. h6 Rc1+ 55. Kd3 Rb1 56. Kc2 Rh1 57. g5 Rh3 58. Rg7+ Ke6 59. h7
Kf5 60. g6 1-0

[Event "Mondiale Lampo FIDE 2022"]
[Site "Alma Ata"]
[Date "30.12.2022"]
[Round "19.61"]
[White "Ganguly, Surya Shekhar"]
[Black "Jumabayev, Rinat"]
[Result "1-0"]
[WhiteTitle ""]
[BlackTitle ""]
[WhiteElo "2582"]
[BlackElo "2609"]
[WhiteFideId "5002150"]
[BlackFideId "13702661"]
[EventDate "29.12.2022"]

1. e4 d6 2. d4 g6 3. Nc3 Bg7 4. Be3 a6 5. h4 h5 6. Nh3 b5 7. Ng5 Nf6 8. f3 Nbd7
9. Qe2 c5 10. dxc5 dxc5 11. O-O-O Qc7 12. f4 b4 13. Na4 Qc6 14. Qc4 O-O 15. Nxc5
Ng4 16. Bg1 Nxc5 17. Qxc5 Qf6 18. Bd4 Qxf4+ 19. Kb1 Bxd4 20. Rxd4 Nf2 21. Rg1
Bg4 22. Bc4 Rac8 23. Qxe7 Rc7 24. Qxb4 Qe3 25. Qd2 Qxd2 26. Rxd2 Nxe4 27. Nxe4
Rxc4 28. Nf6+ Kg7 29. Nxg4 Rxg4 30. g3 f5 31. Rdd1 f4 32. gxf4 Rfxf4 33. Rxg4
hxg4 34. b3 Kh6 35. c4 Kh5 36. c5 Rf6 37. b4 g3 38. Kb2 Kxh4 39. a4 g2 40. Rg1
Kg3 41. Kc3 Kh2 42. Rxg2+ Kxg2 43. b5 axb5 44. axb5 Rf5 45. Kd4 Kf3 46. b6 g5
47. b7 Rf8 48. c6 g4 49. c7 1-0

[Event "Mondiale Lampo FIDE 2022"]
[Site "Alma Ata"]
[Date "30.12.2022"]
[Round "19.62"]
[White "Christiansen, Johan-Sebastian"]
[Black "Moiseenko, Alexander"]
[Result "1-0"]
[WhiteTitle ""]
[BlackTitle ""]
[WhiteElo "2578"]
[BlackElo "2577"]
[WhiteFideId "1512668"]
[BlackFideId "14102560"]
[EventDate "29.12.2022"]

1. e4 c5 2. Nf3 Nc6 3. b4 cxb4 4. d4 d6 5. a3 g6 6. d5 Bg7 7. Ra2 Ne5 8. Nxe5
dxe5 9. axb4 Nf6 10. Bd3 O-O 11. O-O e6 12. c4 exd5 13. cxd5 Ne8 14. Be3 Nd6 15.
Nd2 Bd7 16. Bc5 Nb5 17. Bxf8 Qxf8 18. Qb3 Nd4 19. Qb2 a6 20. Rc1 Bh6 21. Rc7 Qd8
22. Rc3 Qh4 23. Nf1 Rf8 24. Rc7 Bg4 25. d6 Rd8 26. Bc4 Kh8 27. Rxf7 Bf4 28. Rxf4
Rxd6 29. Rf8+ Kg7 30. Rf7+ Kh6 31. Qd2+ g5 32. Qe3 Qh5 33. h3 Be6 34. Bxe6 Rxe6
35. Rxb7 Qd1 36. b5 axb5 37. Raa7 Ne2+ 38. Kh2 Qxf1 39. Rxh7+ Kg6 40. Rag7+ Kf6
41. Qxg5# 1-0

[Event "Mondiale Lampo FIDE 2022"]
[Site "Alma Ata"]
[Date "30.12.2022"]
[Round "19.63"]
[White "Savchenko, Boris"]
[Black "Makarian, Rudik"]
[Result "0-1"]
[WhiteTitle ""]
[BlackTitle ""]
[WhiteElo "2552"]
[BlackElo "2554"]
[WhiteFideId "4147332"]
[BlackFideId "44105681"]
[EventDate "29.12.2022"]

1. e4 d6 2. d4 Nf6 3. Nc3 e5 4. Nf3 Nbd7 5. h3 g6 6. a4 Bg7 7. dxe5 Nxe5 8. Nxe5
dxe5 9. Qxd8+ Kxd8 10. Bc4 Be6 11. Bxe6 fxe6 12. Bg5 Ke7 13. Ke2 a6 14. a5 Rad8
15. Ra4 Rd6 16. Rb4 Rb8 17. Rd1 h6 18. Be3 Kd8 19. Rxd6+ cxd6 20. Ba7 Ra8 21.
Rxb7 Nd7 22. Bb6+ Ke8 23. Na4 Rc8 24. Kd3 Bf6 25. Ra7 d5 26. Rxa6 dxe4+ 27. Kxe4
Rc4+ 28. Kd3 Rxa4 29. b3 e4+ 30. Kd2 Ra2 31. b4 Ne5 32. Bd4 Nc4+ 33. Kc3 Bxd4+
34. Kxd4 Rxc2 35. Rc6 e5+ 36. Kxe4 Kd7 37. Rxg6 Rxf2 38. g4 Rf4+ 39. Kd5 Ne3+
40. Kc5 Rc4+ 41. Kb5 Rc1 42. a6 Nd5 43. a7 Ra1 44. Rg7+ Kd6 45. Rg6+ Kd7 46.
Rxh6 Rxa7 47. g5 Ne7 48. h4 e4 49. Kc4 Ra1 50. Rb6 Rd1 51. Rb7+ Ke6 52. Rb6+ Ke5
53. Rb7 Nf5 54. Rb8 Nd6+ 55. Kb3 e3 0-1

[Event "Mondiale Lampo FIDE 2022"]
[Site "Alma Ata"]
[Date "30.12.2022"]
[Round "19.64"]
[White "Yilmaz, Mustafa"]
[Black "Damjanovic, Vuk"]
[Result "1-0"]
[WhiteTitle ""]
[BlackTitle ""]
[WhiteElo "2617"]
[BlackElo "2361"]
[WhiteFideId "6302718"]
[BlackFideId "980021"]
[EventDate "29.12.2022"]

1. d4 d5 2. c4 e6 3. Nc3 a6 4. cxd5 exd5 5. Qb3 Nf6 6. Bg5 c6 7. e4 h6 8. Bxf6
Qxf6 9. exd5 Qxd4 10. Nf3 Qb4 11. Qc2 Be7 12. a3 Qf4 13. Rd1 O-O 14. Bd3 Bg4 15.
Bh7+ Kh8 16. Rd4 Qf6 17. Rxg4 g6 18. Bxg6 fxg6 19. Rxg6 Qf4 20. Ne2 Qf5 21. Qxf5
Rxf5 22. Rxh6+ Kg7 23. Re6 Bf6 24. d6 Kf7 25. Re3 Bxb2 26. O-O Bf6 27. Rd1 Nd7
28. Ng3 Rd5 29. Rxd5 cxd5 30. Nh5 Bd8 31. Nf4 Rc8 32. Nxd5 Rc6 33. g3 Rxd6 34.
Nf4 Rd1+ 35. Kg2 Ra1 36. h4 Nf6 37. Ne5+ Kg8 38. Ne6 Bb6 39. Rf3 Ne4 40. Rf8+
Kh7 41. Rf7+ Kh6 42. g4 Bxf2 1-0

[Event "Mondiale Lampo FIDE 2022"]
[Site "Alma Ata"]
[Date "30.12.2022"]
[Round "19.65"]
[White "Bilguun, Sumiya"]
[Black "Narayanan, S.L."]
[Result "1/2-1/2"]
[WhiteTitle ""]
[BlackTitle ""]
[WhiteElo "2474"]
[BlackElo "2669"]
[WhiteFideId "4901541"]
[BlackFideId "5058422"]
[EventDate "29.12.2022"]

1. e4 e5 2. Nf3 Nc6 3. Bc4 Bc5 4. O-O Nf6 5. d3 d6 6. a4 a5 7. c3 h6 8. Re1 O-O
9. Nbd2 Ba7 10. Nf1 Be6 11. Ng3 Ne7 12. Nh4 Qd7 13. Be3 Bxe3 14. Rxe3 Kh7 15. h3
Bxc4 16. dxc4 Qe6 17. b3 g6 18. Nf3 b6 19. Qe2 Nd7 20. Rd1 Nc5 21. h4 Nxb3 22.
h5 Nc5 23. Ra1 Ng8 24. Nd2 Nf6 25. hxg6+ fxg6 26. Ngf1 Ng4 27. Rf3 Rxf3 28. Nxf3
Nf6 29. N3d2 Rf8 30. g3 Qh3 31. Qf3 Kg7 32. Qe2 h5 33. f3 Nh7 34. Qg2 Qd7 35.
Ne3 Nxa4 36. Nd5 Nc5 37. f4 Nf6 38. Rf1 Nxd5 39. cxd5 exf4 40. gxf4 Qg4 41. Qxg4
hxg4 42. Kg2 Re8 43. Re1 Nd3 44. Rf1 a4 45. Kg3 Nc5 46. Re1 a3 47. Kxg4 a2 48.
Ra1 Nxe4 49. Nxe4 Rxe4 50. Rxa2 Kf6 51. Ra8 g5 52. Rf8+ Ke7 53. Rf5 Rxf4+ 54.
Rxf4 gxf4 55. Kxf4 b5 56. Ke3 Kf7 57. Kf3 Ke7 58. Ke3 Kd7 59. Kd3 Kc8 60. Kc2
Kb7 61. Kb3 Ka7 62. Ka3 Ka6 63. Kb3 Ka5 64. Ka3 Ka6 65. Kb3 Kb6 66. Kb4 c5+ 67.
dxc6 Kxc6 68. c4 bxc4 69. Kxc4 1/2-1/2

[Event "Mondiale Lampo FIDE 2022"]
[Site "Alma Ata"]
[Date "30.12.2022"]
[Round "19.66"]
[White "Saraci, Nderim"]
[Black "Isanzhulov, Arystan"]
[Result "0-1"]
[WhiteTitle ""]
[BlackTitle ""]
[WhiteElo "2468"]
[BlackElo "2313"]
[WhiteFideId "6351921"]
[BlackFideId "13711644"]
[EventDate "29.12.2022"]

1. b3 e5 2. Bb2 Nc6 3. e3 g6 4. Nf3 Bg7 5. c4 Nge7 6. d4 exd4 7. Nxd4 O-O 8.
Nxc6 dxc6 9. Bxg7 Qxd1+ 10. Kxd1 Kxg7 11. Nc3 h5 12. Bd3 h4 13. Kc2 Be6 14. Rad1
Rad8 15. Be2 Bf5+ 16. e4 Be6 17. c5 b6 18. Na4 f5 19. Rxd8 Rxd8 20. Bd3 Kf6 21.
Re1 Rd4 22. Kc3 Rd8 23. Kc2 Rd4 24. Kc3 Rd8 25. a3 Bxb3 26. Nb2 Be6 27. f3 b5
28. Nd1 a5 29. Nf2 Rh8 30. Kc2 Rd8 31. Kc3 Bg8 32. f4 fxe4 33. Nxe4+ Kg7 34. g3
hxg3 35. hxg3 b4+ 36. axb4 Nd5+ 37. Kb2 Nxb4 38. Bb1 Re8 39. Rd1 Bd5 40. Ng5 Kf6
41. g4 Re2+ 42. Kc3 Re3+ 43. Kd4 Re8 44. Ne4+ Bxe4 45. g5+ Kf5 46. Bxe4+ Rxe4+
47. Kc3 Nd5+ 0-1

[Event "Mondiale Lampo FIDE 2022"]
[Site "Alma Ata"]
[Date "30.12.2022"]
[Round "19.67"]
[White "Harsha, Bharathakoti"]
[Black "Tsaruk, Maksim"]
[Result "1-0"]
[WhiteTitle ""]
[BlackTitle ""]
[WhiteElo "2593"]
[BlackElo "2373"]
[WhiteFideId "5078776"]
[BlackFideId "13511173"]
[EventDate "29.12.2022"]

1. c4 Nf6 2. Nc3 e6 3. Nf3 d5 4. e3 Be7 5. b3 O-O 6. Bb2 c5 7. cxd5 exd5 8. d4
Nc6 9. Be2 Be6 10. O-O Rc8 11. dxc5 Bxc5 12. Nb5 Ne4 13. Nbd4 Qe7 14. Rc1 Ba3
15. Nxc6 Rxc6 16. Rxc6 bxc6 17. Qc1 Bxb2 18. Qxb2 c5 19. Rc1 Rc8 20. Qa3 Kf8 21.
Ba6 Rc7 22. Bd3 Bf5 23. Bxe4 Bxe4 24. Nd2 Bg6 25. Qa5 Qd6 26. h3 Qb6 27. Qc3 a5
28. Nf3 f6 29. Rd1 Bf7 30. Rc1 Qb4 31. Qd3 Qa3 32. Rc2 a4 33. Qb5 Be8 34. Qb8
axb3 35. axb3 Re7 36. Qd6 Qxb3 37. Rxc5 Qb1+ 38. Kh2 Qb2 39. Rc7 Bd7 40. Rxd7 1-0

[Event "Mondiale Lampo FIDE 2022"]
[Site "Alma Ata"]
[Date "30.12.2022"]
[Round "19.68"]
[White "Gurel, Ediz"]
[Black "Puranik, Abhimanyu"]
[Result "0-1"]
[WhiteTitle ""]
[BlackTitle ""]
[WhiteElo "2454"]
[BlackElo "2616"]
[WhiteFideId "44507356"]
[BlackFideId "5061245"]
[EventDate "29.12.2022"]

1. e4 e5 2. Nf3 Nc6 3. Bb5 a6 4. Ba4 Nf6 5. O-O b5 6. Bb3 Bb7 7. Re1 Bc5 8. d3
O-O 9. Nc3 h6 10. a3 Nd4 11. Nxd4 Bxd4 12. Be3 Bxc3 13. bxc3 d5 14. exd5 Bxd5
15. c4 bxc4 16. dxc4 Bc6 17. Qe2 Re8 18. c5 Qd7 19. Rad1 Qf5 20. h3 a5 21. Qc4
Qg6 0-1

[Event "Mondiale Lampo FIDE 2022"]
[Site "Alma Ata"]
[Date "30.12.2022"]
[Round "19.69"]
[White "Zhalmakhanov, Ramazan"]
[Black "Kostenko, Petr"]
[Result "1-0"]
[WhiteTitle ""]
[BlackTitle ""]
[WhiteElo "2401"]
[BlackElo "2374"]
[WhiteFideId "13706357"]
[BlackFideId "13700669"]
[EventDate "29.12.2022"]

1. c4 Nf6 2. Nc3 e6 3. d4 d5 4. cxd5 exd5 5. Bg5 c6 6. e3 h6 7. Bh4 Qb6 8. Qc2
g5 9. Bg3 Be6 10. Bd3 Nbd7 11. Nf3 Nh5 12. O-O Nxg3 13. hxg3 Bg7 14. Bf5 O-O 15.
b4 Rae8 16. Rab1 a6 17. Na4 Qc7 18. Nc5 Nb6 19. Nd2 Nc8 20. a4 Nd6 21. Bd3 Ra8
22. Rfc1 Rfc8 23. Qd1 Qe7 24. Ndb3 b5 25. Nxe6 fxe6 26. Qg4 Nc4 27. Nc5 Re8 28.
Bg6 e5 29. Bxe8 Rxe8 30. dxe5 a5 31. axb5 axb4 32. Nd3 c5 33. b6 Nxe5 34. Qf5
Nxd3 35. Qxd5+ Qe6 36. Qxd3 Qxb6 37. Qd5+ Kh8 38. Qxc5 Qxc5 39. Rxc5 Bc3 40. Rb5
Kg7 41. Rd1 Re7 42. Rd6 g4 43. Rc6 Rd7 44. Rc4 Rd1+ 45. Kh2 Rd7 46. Rxg4+ Kf7
47. Rc4 Rd2 48. Rf4+ Ke7 49. Kh3 Kd6 50. Rf8 Kc6 51. Rbb8 Rb2 52. f4 Be1 53. e4
b3 54. e5 Kd5 55. Rfd8+ Ke6 56. Rd6+ Kf5 57. e6 Kf6 58. Rb7 Re2 59. e7+ Kf7 60.
Rd8 Rxe7 61. Rxe7+ Kxe7 62. Rb8 Kf7 63. Rxb3 Kg6 64. Kg4 Ba5 65. Rb5 Bd8 66. Rc5
Be7 67. Rc6+ Kg7 68. Kh5 Ba3 69. Rg6+ Kf7 70. Rxh6 1-0

[Event "Mondiale Lampo FIDE 2022"]
[Site "Alma Ata"]
[Date "30.12.2022"]
[Round "19.70"]
[White "Ansat, Aldiyar"]
[Black "Arjun, Kalyan"]
[Result "1/2-1/2"]
[WhiteTitle ""]
[BlackTitle ""]
[WhiteElo "2291"]
[BlackElo "2505"]
[WhiteFideId "13715658"]
[BlackFideId "35018701"]
[EventDate "29.12.2022"]

1. e4 e5 2. Nf3 Nc6 3. Bb5 a6 4. Ba4 Nf6 5. O-O b5 6. Bb3 Bc5 7. a4 Rb8 8. Nxe5
Nxe5 9. d4 Bxd4 10. Qxd4 d6 11. f4 Nc6 12. Qc3 Ne7 13. axb5 axb5 14. Nd2 O-O 15.
Qd3 c5 16. c4 bxc4 17. Bxc4 d5 18. exd5 Nexd5 19. Nf3 Qb6 20. Ne5 Be6 21. f5 Nb4
22. Qe2 Bxc4 23. Qxc4 Nc6 24. Bf4 Nxe5 25. Bxe5 Ra8 26. h3 h6 27. Rfd1 Rxa1 28.
Rxa1 Qb7 29. Bxf6 gxf6 30. Ra3 Kh7 31. Rb3 Qd7 32. Rf3 Qd4+ 33. Qxd4 cxd4 34.
Rd3 Rb8 35. Rd2 Rb3 36. Kf2 h5 37. Rxd4 Rxb2+ 38. Kg3 Kh6 39. h4 Rb3+ 40. Kf4
Rb2 41. Kf3 Rb3+ 42. Kf4 Rb2 43. g3 Rb3 44. Ra4 Kg7 45. Rc4 Ra3 46. Rb4 1/2-1/2

[Event "Mondiale Lampo FIDE 2022"]
[Site "Alma Ata"]
[Date "30.12.2022"]
[Round "19.71"]
[White "Harutyunyan, Tigran K."]
[Black "Munkhdalai, Amilal"]
[Result "1-0"]
[WhiteTitle ""]
[BlackTitle ""]
[WhiteElo "2511"]
[BlackElo "2142"]
[WhiteFideId "13303635"]
[BlackFideId "4903250"]
[EventDate "29.12.2022"]

1. Nf3 Nf6 2. d4 e6 3. g3 d5 4. Bg2 Bb4+ 5. c3 Be7 6. c4 O-O 7. Nc3 c6 8. Qd3 b6
9. O-O Nbd7 10. e4 Ba6 11. b3 dxc4 12. bxc4 c5 13. d5 exd5 14. exd5 Bd6 15. a4
Ne5 16. Nxe5 Bxe5 17. Ra3 Ne8 18. Re1 Bd4 19. Nb5 Bf6 20. Bf4 Bb7 21. h4 a6 22.
Nc3 Nd6 23. Rb3 Bc8 24. Bxd6 Qxd6 25. Ne4 Qd8 26. Nxf6+ Qxf6 27. d6 Bf5 28. Be4
Bxe4 29. Rxe4 Rab8 30. Qd5 Rfd8 31. d7 Qa1+ 32. Kg2 Qxa4 33. Re7 Rf8 34. Rf3 Kh8
35. Rfxf7 Rg8 36. Qe5 Qc6+ 37. Kh2 Rbf8 38. Rxf8 1-0

[Event "Mondiale Lampo FIDE 2022"]
[Site "Alma Ata"]
[Date "30.12.2022"]
[Round "19.72"]
[White "Narayanan, Srinath"]
[Black "Khripachenko, Alexander"]
[Result "1-0"]
[WhiteTitle ""]
[BlackTitle ""]
[WhiteElo "2559"]
[BlackElo "2219"]
[WhiteFideId "5018420"]
[BlackFideId "54184975"]
[EventDate "29.12.2022"]

1. Nf3 d5 2. e3 Nf6 3. c4 e6 4. b3 c5 5. Bb2 Nc6 6. cxd5 exd5 7. d4 cxd4 8. Nxd4
Bb4+ 9. Bc3 a5 10. Be2 O-O 11. O-O Ne4 12. Bb2 Qe7 13. a3 Bc5 14. Nf3 Be6 15.
Nbd2 Rfd8 16. Qc2 Nxd2 17. Qxd2 Rac8 18. Nd4 Nxd4 19. Bxd4 b6 20. a4 Bxd4 21.
Qxd4 Qc5 22. Rfd1 h6 23. h4 Bf5 24. Qxc5 Rxc5 25. Rd4 Rc3 26. b4 axb4 27. Rxb4
Ra8 28. Rxb6 Rc2 29. Bf3 Ra5 30. Rb5 Rxb5 31. axb5 Rc5 32. Ra8+ Kh7 33. Rb8 Be4
34. Bxe4+ dxe4 35. Rb6 f6 36. g4 Kg6 37. Kg2 h5 38. Kg3 hxg4 39. Kxg4 Rc2 40.
Kg3 Rb2 41. Rb7 Kh6 42. b6 g5 43. hxg5+ fxg5 44. Rb8 Kg7 45. b7 Rb5 46. Kg4 Kh7
47. Kh5 Kg7 48. Kg4 Kh7 49. Kg3 Kg7 50. Kg2 Kh7 51. Kf1 Kg7 52. Ke2 Rb3 53. Kd2
Rb6 54. Kc3 Rb1 55. Kd4 Rb4+ 56. Kd5 Kh7 57. Ke6 Rb2 58. Ke5 Rb4 59. Kf5 Kg7 60.
Kxg5 Kh7 61. Kf6 Rb6+ 62. Ke5 Rb4 63. Kd5 Kg7 64. Kc6 Rc4+ 65. Kd6 Rb4 66. Ke6
Rb2 67. Ke5 Rb4 68. Kf4 Kh7 69. Re8 1-0

[Event "Mondiale Lampo FIDE 2022"]
[Site "Alma Ata"]
[Date "30.12.2022"]
[Round "19.73"]
[White "Haldorsen, Benjamin"]
[Black "Burmakin, Vladimir"]
[Result "0-1"]
[WhiteTitle ""]
[BlackTitle ""]
[WhiteElo "2449"]
[BlackElo "2498"]
[WhiteFideId "1512633"]
[BlackFideId "4105109"]
[EventDate "29.12.2022"]

1. Nf3 d5 2. g3 c6 3. Bg2 Bf5 4. O-O e6 5. d3 Nf6 6. c4 Nbd7 7. Nc3 Be7 8. cxd5
exd5 9. Nh4 Be6 10. e4 dxe4 11. dxe4 Ne5 12. Qe2 Qd3 13. Qxd3 Nxd3 14. Nf3 O-O
15. Nd4 Bc4 16. b3 Ba6 17. Nf5 Bb4 18. Bd2 Rad8 19. Rfd1 Nb2 20. Nd5 Ba3 21. Re1
cxd5 22. Bc3 Nd3 23. Red1 dxe4 24. Bxf6 gxf6 25. Bxe4 Nc5 26. Bd5 Bd3 27. Ne3
Be4 28. b4 Bxb4 29. a3 Ba5 30. Rac1 Bxd5 31. Rxc5 Bf3 32. Rxd8 0-1

[Event "Mondiale Lampo FIDE 2022"]
[Site "Alma Ata"]
[Date "30.12.2022"]
[Round "19.74"]
[White "Suyarov, Mukhammadzokhid"]
[Black "Sankalp, Gupta"]
[Result "0-1"]
[WhiteTitle ""]
[BlackTitle ""]
[WhiteElo "2299"]
[BlackElo "2485"]
[WhiteFideId "14210495"]
[BlackFideId "5097010"]
[EventDate "29.12.2022"]

1. d4 Nf6 2. Nc3 e6 3. e4 d5 4. e5 Nfd7 5. f4 c5 6. Nf3 Nc6 7. Be3 Be7 8. Ne2
cxd4 9. Nexd4 O-O 10. c3 Nc5 11. Be2 Ne4 12. O-O f6 13. exf6 Bxf6 14. Bd3 Qe7
15. Qc2 Nxd4 16. cxd4 Bd7 17. Ne5 Rac8 18. Qe2 Be8 19. Qg4 Bxe5 20. dxe5 Bg6 21.
Rac1 a6 22. Bd4 Bf5 23. Qe2 Qh4 24. Qe3 Rxc1 25. Rxc1 h6 26. g3 Qh5 27. Be2 Bg4
28. Bd3 Bf5 29. Qe2 Qg6 30. Bxe4 Bxe4 31. Kf2 Qf5 32. Ke3 Qh3 33. Kd2 Rf7 34.
Rc8+ Kh7 35. Kc3 Bg6 36. Kb4 Qf5 37. Ka5 Qb1 38. b3 Bd3 39. Qd2 Bf5 40. Kb6 Qf1
41. Qb4 Qe2 42. h4 Qxa2 43. Rc7 Rxc7 44. Kxc7 b5 45. Kb6 Kg6 46. Qe7 Qxb3 47. g4
Bxg4 48. Bc5 Bf5 49. Qf8 Kh7 50. Qf7 Qg3 51. Bf8 b4 52. Bxb4 Qxf4 53. Bd6 Qxh4
54. Kxa6 d4 55. Bf8 Qg3 56. Qd7 Qxe5 57. Bd6 Qd5 58. Kb6 d3 59. Kc7 d2 60. Bf8
Qxd7+ 0-1

[Event "Mondiale Lampo FIDE 2022"]
[Site "Alma Ata"]
[Date "30.12.2022"]
[Round "19.75"]
[White "Petkov, Momchil"]
[Black "Kazakov, Konstantin"]
[Result "0-1"]
[WhiteTitle ""]
[BlackTitle ""]
[WhiteElo "2531"]
[BlackElo "2385"]
[WhiteFideId "2921642"]
[BlackFideId "13700898"]
[EventDate "29.12.2022"]

1. d4 Nf6 2. Nf3 b6 3. g3 Bb7 4. Bg2 e6 5. O-O Be7 6. c4 O-O 7. Re1 Qc8 8. h4
Ne4 9. Qc2 f5 10. Nc3 d6 11. Rd1 a5 12. d5 Nxc3 13. Qxc3 e5 14. Ng5 Bxg5 15.
hxg5 Nd7 16. Be3 Qe8 17. f4 Qe7 18. fxe5 Nxe5 19. Bf4 Rae8 20. e3 Nf7 21. e4
fxe4 22. Qe3 Bc8 23. Rd4 Bf5 24. Re1 h6 25. g4 hxg5 26. gxf5 gxf4 27. Qxf4 e3
28. Re4 Qf6 29. Re6 Qxb2 30. R1xe3 Ne5 31. Rg3 Rxe6 32. dxe6 Qb1+ 33. Kh2 Qxf5
34. Qxf5 Rxf5 35. e7 Kf7 36. Rxg7+ Ke8 37. Bd5 Rf6 38. Be4 Re6 39. Bd5 Rxe7 40.
Rg8+ Kd7 41. Ra8 Nd3 42. a3 Re2+ 43. Kg3 Re3+ 44. Kh4 Nf4 45. Bf7 Re7 46. Bg8
Rg7 47. Rf8 0-1

[Event "Mondiale Lampo FIDE 2022"]
[Site "Alma Ata"]
[Date "30.12.2022"]
[Round "19.76"]
[White "Korelskiy, Egor"]
[Black "Utegaliyev, Azamat"]
[Result "1/2-1/2"]
[WhiteTitle ""]
[WhiteElo "2153"]
[BlackElo "2445"]
[WhiteFideId "34329064"]
[BlackFideId "13702467"]
[EventDate "29.12.2022"]

1. e4 c5 2. Nf3 e6 3. d4 cxd4 4. Nxd4 a6 5. Bd3 Qc7 6. O-O Nf6 7. Qe2 d6 8. c4
g6 9. b3 Bg7 10. Bb2 O-O 11. Nc3 Nc6 12. Nxc6 bxc6 13. f4 Bb7 14. Kh1 c5 15.
Rad1 Rad8 16. Na4 Nd7 17. Bxg7 Kxg7 18. Qb2+ Kg8 19. Nc3 Bc6 20. Qf2 Rfe8 21.
Qh4 Nf8 22. f5 exf5 23. exf5 Qe7 24. f6 Qe5 25. Qh6 Ne6 26. Nd5 Bxd5 27. cxd5
Qg5 28. Qxg5 Nxg5 29. Bxa6 Ne4 30. Bc4 Nc3 31. Rd2 Re5 32. a4 Ra8 33. Kg1 Kf8
34. Rc2 Ne4 35. Re2 Ree8 36. Rf4 Nc3 37. Rxe8+ Rxe8 38. a5 Na2 39. Rh4 Kg8 40.
a6 Nb4 41. Kf2 h5 42. g4 hxg4 43. Rxg4 Kf8 44. h4 Ra8 45. h5 gxh5 46. Rg5 Nxa6
47. Rxh5 Kg8 48. Bd3 Nb4 49. Bh7+ Kf8 50. Be4 Kg8 51. Kf3 Ra1 52. Bh7+ Kf8 53.
Bf5 Kg8 54. Rg5+ Kf8 55. Bh7 Ke8 56. Rg8+ Kd7 57. Bf5+ Kc7 58. Rf8 Nxd5 59.
Rxf7+ Kb6 60. Bd3 Rd1 61. Be2 Rd4 62. Bc4 Rf4+ 63. Kg3 Rxf6 64. Bxd5 Rxf7 65.
Bxf7 Kc6 66. Kf3 d5 67. Ke3 c4 68. Bxd5+ Kxd5 69. bxc4+ Kxc4 1/2-1/2

[Event "Mondiale Lampo FIDE 2022"]
[Site "Alma Ata"]
[Date "30.12.2022"]
[Round "19.77"]
[White "Begmuratov, Khumoyun"]
[Black "Uskov, Artem"]
[Result "1-0"]
[WhiteTitle ""]
[BlackTitle ""]
[WhiteElo "2399"]
[BlackElo "2376"]
[WhiteFideId "14210207"]
[BlackFideId "34254854"]
[EventDate "29.12.2022"]

1. e4 c5 2. Nc3 d6 3. Bb5+ Nd7 4. d4 cxd4 5. Qxd4 Nf6 6. Bxd7+ Bxd7 7. Nf3 g6 8.
Bg5 Bg7 9. O-O O-O 10. Qd2 Rc8 11. Bh6 b5 12. Bxg7 Kxg7 13. a3 a6 14. Rfe1 Qc7
15. h3 a5 16. Rac1 Bc6 17. Nd5 Bxd5 18. exd5 Qb7 19. Qxa5 Nxd5 20. Qd2 Nf6 21.
Rcd1 Rc5 22. c3 Rfc8 23. Qe3 R8c7 24. Rd2 Rc4 25. Red1 Re4 26. Qd3 d5 27. Re2
Rcc4 28. Nd2 Rxe2 29. Nxc4 Re4 30. Ne3 e6 31. f3 Rh4 32. Nf1 e5 33. Qe3 Qc7 34.
Qf2 Ra4 35. Ne3 d4 36. cxd4 Rxd4 37. Re1 Qd6 38. Ng4 Rd2 39. Qe3 Nxg4 40. hxg4
f6 41. b4 Rd3 42. Qa7+ Kh6 43. Kh1 e4 44. Qf2 exf3 45. gxf3 Rxa3 46. Re4 Ra1+
47. Kg2 Rd1 48. Qe3+ g5 49. Re6 Qd8 50. Qc3 Kg7 51. Re2 Rd3 52. Qc5 Qd5 53. Qe7+
Kg6 54. Qe8+ Qf7 55. Qe4+ Kg7 56. Qxd3 1-0

[Event "Mondiale Lampo FIDE 2022"]
[Site "Alma Ata"]
[Date "30.12.2022"]
[Round "19.78"]
[White "Postlmayer, Jakob"]
[Black "Aleksandrov, Aleksej"]
[Result "1/2-1/2"]
[WhiteTitle ""]
[BlackTitle ""]
[WhiteElo "2314"]
[BlackElo "2495"]
[WhiteFideId "1643622"]
[BlackFideId "13500139"]
[EventDate "29.12.2022"]

1. d4 d5 2. Nf3 Nf6 3. c4 e6 4. g3 dxc4 5. Bg2 Nc6 6. Qa4 Bb4+ 7. Bd2 Bd6 8.
Qxc4 O-O 9. O-O e5 10. dxe5 Nxe5 11. Nxe5 Bxe5 12. Bc3 Qe7 13. Bb4 Bd6 14. Bxd6
Qxd6 15. Nc3 Be6 16. Qb5 Rab8 17. Rfd1 Qb6 18. Rac1 Qxb5 19. Nxb5 c6 20. Nc3
Rfd8 21. h3 Kf8 22. Kf1 Ke7 23. Ke1 a5 24. Rxd8 Rxd8 25. Rd1 Rxd1+ 26. Kxd1 Kd6
27. Kd2 b5 28. a3 g5 29. Ne4+ Nxe4+ 30. Bxe4 h6 31. h4 c5 32. hxg5 hxg5 33. f4
gxf4 34. gxf4 c4 35. Bf3 Kc5 36. Kc3 b4+ 37. axb4+ axb4+ 38. Kd2 Bd5 39. Bg4 Be4
40. e3 Kb5 41. Be2 Kc5 42. Bh5 f6 43. Bf7 Bd5 44. Bg6 Kd6 45. Bf5 Kc5 46. e4 Bf7
47. e5 fxe5 48. fxe5 Kd5 49. Bg4 Kxe5 50. Kc1 Kd4 51. Kd2 Bg6 52. Bf3 Kc5 53.
Be2 Bf5 54. Bf1 Be6 55. Be2 Kb6 56. Ke3 Kc5 57. Kd2 Bd7 58. Bf1 Bb5 59. Bg2 Kb6
60. Be4 Ka5 61. Bc2 Bd7 62. Bd1 Bf5 63. Be2 Be6 64. Bd1 Bf7 65. Kc1 b3 66. Bf3
Bg6 67. Bd5 Kb4 68. Kd2 Kc5 69. Be6 Kd4 70. Bg8 Be4 71. Be6 Bd5 72. Bf5 Bc6 73.
Be6 Be4 74. Bf7 1/2-1/2

[Event "Mondiale Lampo FIDE 2022"]
[Site "Alma Ata"]
[Date "30.12.2022"]
[Round "19.79"]
[White "Shishkov, Andrei"]
[Black "Bologan, Victor"]
[Result "0-1"]
[WhiteTitle ""]
[BlackTitle ""]
[WhiteElo "2340"]
[BlackElo "2574"]
[WhiteFideId "4500563"]
[BlackFideId "13900048"]
[EventDate "29.12.2022"]

1. d4 Nf6 2. c4 Nc6 3. Nf3 e6 4. Nc3 Bb4 5. Qc2 d6 6. Bd2 O-O 7. a3 Bxc3 8. Bxc3
Qe7 9. e3 e5 10. dxe5 dxe5 11. Be2 Bg4 12. O-O a5 13. Rfe1 a4 14. Rad1 h6 15. h3
Bh5 16. Nh4 Bxe2 17. Rxe2 Qe6 18. Be1 e4 19. g4 Nxg4 20. hxg4 Qxg4+ 21. Ng2 Ne5
22. f4 exf3 23. Rf2 fxg2 24. Rxg2 Qh5 25. Bc3 Nf3+ 26. Kf2 Ng5 27. Kg1 Nh3+ 28.
Kf1 Qf3+ 29. Ke1 Qxe3+ 30. Qe2 Qxe2+ 31. Rxe2 Nf4 32. Re7 Rfe8 33. Rxe8+ Rxe8+
34. Kf2 g5 35. Rd7 Ne6 36. Kf3 h5 37. Rd5 Kh7 38. Ra5 Kg6 39. Rxa4 g4+ 40. Kg3
Nc5 41. Ra7 Ne4+ 42. Kf4 Nxc3 43. bxc3 Rb8 44. c5 c6 45. a4 f5 46. a5 h4 47. a6
bxa6 48. Rxa6 Rc8 49. Ra7 h3 50. Kg3 Re8 51. Rc7 Re3+ 52. Kh2 Re2+ 53. Kg3 h2 0-1